Представление документа в формате MARC21

Поле Инд. ПП Название Значение
Тип записи a
Библиографический уровень m
001 Контрольный номер 7bf8287b-5287-470d-907e-0a57c2f07608
005 Дата корректировки 20140703142311.4
008 Кодируемые данные 020522
020 c Цена, тираж б/ц
040 a Служба первич. каталог. НБ ТвГУ
041 a Код языка текста rus
080 a Индекс УДК 811.112.2'367.335.2(043.3)
084 a Индекс другой классификации/Индекс ББК Ш143.24-222я031
090 a Полочн. индекс Ш143.24
x Авторский знак Л72
100 1_ a Автор Лозинская Евгения Александровна
245 10 a Заглавие Сложноподчиненное предложение с вопросительным предложением второго порядка в современном немецком языке
b Продолж. заглавия автореф. дис. ... канд. филол. наук : 10.02.04
c Ответственность М-во высш. и сред. спец. образования РСФСР, Калинин. гос. ун-т
260 0_ a Место издания Калинин
b Издательство КГУ
c Дата издания 1973
300 a Объем 24, [2] с.
500 a Примечание На правах рукоп.
504 a Библиография Библиогр. в конце кн.
583 a Действие Получение впервые 42 10.02.2006
650 a Основная рубрика Немецкий язык
x Основная подрубрика Синтаксис
650 a Основная рубрика Предложение в немецком языке
653 a Ключевые слова Авторефераты
a Ключевые слова Вопросительное предложение
a Ключевые слова Немецкий язык
a Ключевые слова Предложение в немецком языке
a Ключевые слова Придаточное вопросительное предложение
a Ключевые слова Синтаксис немецкого языка
a Ключевые слова Сложноподчиненное предложение
852 t Порядковый номер экземпляра 2
p Инвентарный номер б/н
888 a Бесплатные
930 a Новая/Ретро авторефераты
952 p 42.2006 б/ц 2 б/н
c Вид литературы А/Р н
954 a Дата поступления на обработку 20060216
999 a Подразделение 2 ч.з.